| 000 | 00628cab a2200265 4500 | ||
|---|---|---|---|
| 001 | ABS60498 | ||
| 008 | 090401t1999 xxu||||| |||| 00| 0 eng d | ||
| 035 | _a(Sirsi) u93097 | ||
| 041 | _aeng | ||
| 100 | _aPerry, P. | ||
| 245 | _aManagement vehicle `99 | ||
| 260 | _c1999 | ||
| 350 | _a0 | ||
| 490 |
_aHousing Today _v(130) 22 April 1999, 16-17(2) |
||
| 650 | _aCOUNCIL HOUSING | ||
| 650 | _aHOUSING POLICY | ||
| 650 | _aLANDLORDS | ||
| 650 | _aLOCAL AUTHORITIES | ||
| 650 | _aMODELS | ||
| 650 | _aSTRATEGY | ||
| 690 |
_aBlock management _96220 |
||
| 700 | _aLautman, P. | ||
| 942 | _n0 | ||
| 948 | _c30/04/1999 | ||
| 999 |
_c59000 _d59000 |
||